Micronutrient changes and chemical properties in samany date palm cultivar as affected by nitrogen and potassium application (Record no. 40381)

MARC details
000 -LEADER
fixed length control field 01786cab a2200289Ia 45 0
001 - CONTROL NUMBER
control field u184970
003 - CONTROL NUMBER IDENTIFIER
control field SIRSI
008 - FIXED-LENGTH DATA ELEMENTS--GENERAL INFORMATION
fixed length control field 100915s2007 ua ss b eng d
040 ## - CATALOGING SOURCE
Original cataloging agency EAL
041 ## - LANGUAGE CODE
Language code of text/sound track or separate title eng
Language code of summary or abstract ara
090 ## - LOCALLY ASSIGNED LC-TYPE CALL NUMBER (OCLC); LOCAL CALL NUMBER (RLIN)
Classification number (OCLC) (R) ; Classification number, CALL (RLIN) (NR) ART MUJAS V32 No1 46
100 1# - MAIN ENTRY--PERSONAL NAME
Personal name Shaaban, S. H. A.
240 10 - UNIFORM TITLE
Uniform title Mansoura University journal of agricultural sciences, 2007 v. 32 (1)
Medium [electronic resource].
245 10 - TITLE STATEMENT
Title Micronutrient changes and chemical properties in samany date palm cultivar as affected by nitrogen and potassium application
Medium [electronic resource].
246 15 - VARYING FORM OF TITLE
Title proper/short title التغييرات فى العناصر الصغرى والصفات الكيميائية لنخيل البلح السمانى وتأثيرها بالتسميد النيتروجينى والبوتاسى .
300 ## - PHYSICAL DESCRIPTION
Extent P.601-614.
504 ## - BIBLIOGRAPHY, ETC. NOTE
Bibliography, etc. note Includes reference.
520 ## - SUMMARY, ETC.
Summary, etc. The present investigation was carried out during 2004 and 2005 seasons on Samany date palm cv. Samany grown in EI-Kanater EI-Khairia, EI-Kaliobia Governorate, Egypt, to study the effect of nitrogen (ammonium nitrate) and potassium (potassium sulphate) fertilization on date palm micronutrient status. fruit chemical properties, and effect of sampling time, leaflets position (basal, middle and terminal) on leaf and fruit micronutrient contents and interaction between them, in order to obtain information to be used as a basis to proper fertilizer programs.
546 ## - LANGUAGE NOTE
Language note Summary in Arabic.
596 ## -
-- 1
650 #0 - SUBJECT ADDED ENTRY--TOPICAL TERM
Topical term or geographic name entry element Micronutrient fertilizers.
650 #0 - SUBJECT ADDED ENTRY--TOPICAL TERM
Topical term or geographic name entry element Palms.
650 #0 - SUBJECT ADDED ENTRY--TOPICAL TERM
Topical term or geographic name entry element Nitrogen fertilizers.
650 #0 - SUBJECT ADDED ENTRY--TOPICAL TERM
Topical term or geographic name entry element Potassium fertilizers.
773 0# - HOST ITEM ENTRY
Title Mansoura Unviersity Journal of Agricultural Sciences.
Related parts 2007.v.32(1)
International Standard Serial Number 1110-0346
Control subfield nnas
Record control number u182197
856 40 - ELECTRONIC LOCATION AND ACCESS
Uniform Resource Identifier <a href="http://nile.enal.sci.eg/EALE/2007/MUJAS/3207/1/601.pdf">http://nile.enal.sci.eg/EALE/2007/MUJAS/3207/1/601.pdf</a>
Public note Full Text Article.
942 ## - ADDED ENTRY ELEMENTS (KOHA)
Koha item type Articles
Source of classification or shelving scheme Library of Congress Classification

No items available.


Home | About ENAL | Collections | Services | Activities | Calendar | Contact us

7 Nadi El Sayed St., Giza, Egypt | Phone:02-33351121 +02-33351313 | 
| Email: enalegypt@gmail.com